Elementry of number theory (Record no. 2061)
[ view plain ]
| 000 -LEADER | |
|---|---|
| fixed length control field | 00409 a2200169 4500 |
| 001 - CONTROL NUMBER | |
| control field | 068380 |
| 003 - CONTROL NUMBER IDENTIFIER | |
| control field | OSt |
| 005 - DATE AND TIME OF LATEST TRANSACTION | |
| control field | 20220216163801.0 |
| 008 - FIXED-LENGTH DATA ELEMENTS--GENERAL INFORMATION | |
| fixed length control field | |
| 082 ## - DEWEY DECIMAL CLASSIFICATION NUMBER | |
| Classification number | 512.7 |
| Item number | S54E |
| 100 1# - MAIN ENTRY--PERSONAL NAME | |
| Personal name | Stillwell, John |
| 245 1# - TITLE STATEMENT | |
| Title | Elementry of number theory |
| Statement of responsibility, etc | by John Stillwell |
| 260 ## - PUBLICATION, DISTRIBUTION, ETC. (IMPRINT) | |
| Place of publication, distribution, etc | New York |
| Name of publisher, distributor, etc | Springer |
| Date of publication, distribution, etc | 2009 |
| 300 ## - PHYSICAL DESCRIPTION | |
| Extent | 254p. |
| 653 ## - INDEX TERM--UNCONTROLLED | |
| Uncontrolled term | Number Theory |
| 942 ## - ADDED ENTRY ELEMENTS (KOHA) | |
| Source of classification or shelving scheme | Dewey Decimal Classification |
| Koha item type | Books |
| Withdrawn status | Lost status | Source of classification or shelving scheme | Damaged status | Not for loan | Collection code | Home library | Current library | Date acquired | Source of acquisition | Cost, normal purchase price | Total Checkouts | Full call number | Barcode | Date last seen | Date checked out | Price effective from | Koha item type |
|---|---|---|---|---|---|---|---|---|---|---|---|---|---|---|---|---|---|
| Dewey Decimal Classification | General Text Book | Central University Of Rajasthan | Central University Of Rajasthan | 07/03/2012 | MTH | 295.00 | 3 | 512.7 S54E | 2667 | 02/12/2024 | 21/11/2024 | 02/09/2020 | Books |
